000 00967nam a22001937a 4500
999 _c61001
_d61001
005 20231205152851.0
008 231205s1991 ru ||||| |||| 00| 0 rus d
020 _a5253004122
041 _arus
080 _a94(37) C-24
100 _aСветоний, Гай Транквилл
_920588
245 _aЖизнь двенадцати цезарей /
_cГай Светоний Транквилл; Пер. с латин., предисл. и примеч. М.Л. Гаспарова
264 _aМосква :
_bПравда,
_c1988.
300 _a512 с.
_bил. ;
_c21 cm.
653 _aძველი რომის ისტორია
653 _aრომის კეისართა ცხოვრება
700 _aГаспаров, М. Л.
_eმთარგმნელი, წინასიტყვაობის ავტორი, ბოლოსიტყვაობის ავტორი.
_920514
942 _2udc
_cᲬᲘᲒᲜᲘ